Southville International School and Colleges
Your cart is empty.
  • Cart
  • Lists
    Public lists Eva Luna New books Lux_list list_1
    Your lists Log in to create your own lists
  • Log in to your account
  • Your cookies
  • Search history
Southville International School and Colleges
  • Advanced search
  • Recent comments
  • Most popular
  • Libraries

Log in to your account

Log in with GOOGLE


If you do not have an external account, but do have a local account, you can still log in:

  1. Home
  2. MARC view: Declare yourself :
Normal view MARC view ISBD view

Declare yourself : (Record no. 340010)

[ view plain ]
MARC details
000 -LEADER
fixed length control field 00580nam a2200229Ia 4500
008 - FIXED-LENGTH DATA ELEMENTS--GENERAL INFORMATION
fixed length control field 170711s9999 xx 000 0 und d
020 ## - INTERNATIONAL STANDARD BOOK NUMBER
International Standard Book Number 9780061473166
050 ## - LIBRARY OF CONGRESS CALL NUMBER
Classification number 323.04
050 ## - LIBRARY OF CONGRESS CALL NUMBER
Item number F385 2008
100 ## - MAIN ENTRY--PERSONAL NAME
Personal name Ferrera, America
245 ## - TITLE STATEMENT
Title Declare yourself :
245 ## - TITLE STATEMENT
Remainder of title speak connect act vite /
245 ## - TITLE STATEMENT
Statement of responsibility, etc America Ferrera.
250 ## - EDITION STATEMENT
Edition statement First edition.
260 ## - PUBLICATION, DISTRIBUTION, ETC. (IMPRINT)
Place of publication, distribution, etc New York :
260 ## - PUBLICATION, DISTRIBUTION, ETC. (IMPRINT)
Name of publisher, distributor, etc HarperCollins,
260 ## - PUBLICATION, DISTRIBUTION, ETC. (IMPRINT)
Date of publication, distribution, etc 2008
300 ## - PHYSICAL DESCRIPTION
Extent xxiii, 325 pages :
300 ## - PHYSICAL DESCRIPTION
Other physical details illustrations ;
300 ## - PHYSICAL DESCRIPTION
Dimensions 20cm.
500 ## - GENERAL NOTE
General note Includes bibliographic reference.

No items available.

Declare yourself :

APA

Ferrera A., .Declare yourself. New York: .

Chicago

Ferrera America, .Declare yourself. New York: .

Harvard

Ferrera A., .Declare yourself. New York: .

MLA

Ferrera America, .New York: . .

  • Print
  • Cite
  • Add to your cart (remove)
  • Save record
    BIBTEX Dublin Core MARCXML MARC (non-Unicode/MARC-8) MARC (Unicode/UTF-8) MARC (Unicode/UTF-8, Standard) MODS (XML) RIS
  • More searches
    Search for this title in:
    Other Libraries (WorldCat) Other Databases (Google Scholar) Online Stores (Bookfinder.com) Open Library (openlibrary.org)

Exporting to Dublin Core...

SOUTHVILLE LIBRARY

Southville International School and Colleges Library

1281 Tropical Ave. Cor. Luxembourg St., BF Homes International, Las Pinas City

Tel. No. 8256374 / 252358 Loc. 117/146

Powered by Koha